Guess the language by the word cat - Statistics

General Stats
  • This quiz has been taken 56 times
  • The average score is 13 of 20
Answer Stats
Cat Language(s) % Correct
Cat English
98%
Chat French
94%
Gato Spanish/Portuguese
94%
кот Russian
88%
Gatto Italian
84%
Katze German
82%
ねこ Japanese
78%
고양이 Korean
76%
قط Arabic
69%
گربه Persian
69%
γάτα Greek
67%
Mandarin
65%
बिल्ली Hindi
61%
חתול Hebrew
57%
Kat Dutch
51%
بلی Urdu
49%
বিড়াল Bengali
35%
Kedi Turkish
29%
Kissa Finnish
22%
Paka Swahili
16%
No matching quizzes found
Score Distribution
Percent of People with Each Score
Percentile by Number Answered
Your Score History
You have not taken this quiz